00885cam a22002297a 4500003000500000005001700005008004100022010001000063011001000073035001000083040000900093082001200102100004200114245015500156260007800311300002200389490008900411650001800500650002700518650002100545830008900566CHAP20220329141743.0971013s1993 r 00010 d a73359 a74331 a83890 cCHAP a614bF500aFigueroa Perea, Juan Guillermoecomp.13aEl entorno de la regulación de la fecundidad en Méxicob: una experiencia de investigación en la Dirección General de Planificación Familiar aMéxico, D. F. :bDirección General de Planificación Familiar,c1993 a275 p.b; cuadros 0aDirección General de Planificación Familiar. Serie resultados de investigación14aDemografía.14aFamiliaxPlaneación.14aSalud pública.0 aDirección General de Planificación Familiar. Serie resultados de investigación